01385cam a22003374i 4500003000900000005001700009008004100026035002000067040003300087082001500120100002700135245003100162264004400193300003200237336002100269337002500290338002300315505059300338526001000931526001000941526001000951526001000961526000800971526000800979526000800987526000800995526000801003526000801011526000801019650002001027PE-LiUPU20250731172925.0170508s1960 nyu r 000 0 spa d a(Sirsi) a203904 aPE-LiUPUbspacPE-LiUPUerda04a207.6bG771 aGraham, Billy,eautor.10aMy answer /cBilly Graham. 1aNew York :bDoubleday & company,c1960. a259 pages ;c22 centimeters atext2rdacontent aunmediated2rdamedia avolume2rdacarrier0 aI want to get married, but -- When trouble enters your home -- How to help your children grow -- What every teen-ager should know -- What every parent should know -- After the children are grown -- Solving problems on the job -- How to be happy most of the time -- The best way to resist temptation -- Antidote for loneliness and failure -- How to cure a bad morals -- The way you look and act -- Friends, relatives, and neighbors -- How to make wrong things right -- Prayer power works every hour -- Using your christian citizenship -- Christianity and communism -- The end of the world. aSEG42 aSEG41 aSEG40 aSEG39 aP94 aP87 aP86 aP85 aP77 aP76 aP3504aVida cristiana.